| 000 | 01017nam a2200265Ia 4500 | ||
|---|---|---|---|
| 003 | GCL | ||
| 005 | 20240530110310.0 | ||
| 008 | 140319s9999 xx 000 0 ara d | ||
| 020 | _a9775091020 | ||
| 040 |
_aGCL / _cGCL |
||
| 082 | 0 | 4 |
_a 932 _bق/ف م |
| 100 | 1 | _aفير نوس، باسكال | |
| 245 | 1 | 0 |
_aموسوعة الفراعنة : _bالاسماء- الاماكن- الموضوعات / _cفير نوس، باسكال ؛ يويوت، جان ، ترجمة محمود ماهر طه |
| 250 | _aط1 | ||
| 260 |
_aالقاهرة : _bدار الفكر للدراسات والنشر والتوزيع ، _c1991 |
||
| 300 |
_a295 ص : _bخرائط ؛ _c24 سم |
||
| 650 | 0 | 4 | _aالموسوعات |
| 650 | 0 | 4 | _aالفراعنة |
| 650 | 0 | 4 | _aالمصريون القدماء |
| 650 | 0 | 4 | _aالفراعنة - مصر - تاريخ |
| 650 | 0 | 4 | _aمصر القديمة - تاريخ |
| 700 | 1 |
_aيويوت، جان _eمؤلف مشارك |
|
| 700 | 1 |
_aمحمود ماهر طه _eمترجم |
|
| 942 |
_2ddc _cREF |
||
| 999 |
_c59627 _d59627 |
||